|
|
|
|
| LEADER |
00000nab a2200000ua 4500 |
| 001 |
vtls010791599 |
| 003 |
SK-MaSNL |
| 005 |
20260303123751.0 |
| 008 |
230214s1941 xo |||||||||||||||||slo| |
| 035 |
|
|
|a (urnnbn)urn:nbn:sk:snk:ar-a036l2
|
| 035 |
|
|
|a (uuid)2708f29e-4263-475d-aa98-111e0bb09932
|
| 035 |
|
|
|a urn:nbn:sk:snk-ab53mn
|
| 040 |
|
|
|a SNKBUCL
|b slo
|c SNKBUCL
|e AACR2
|
| 041 |
0 |
|
|a slo
|
| 044 |
|
|
|a xo
|c SK
|
| 100 |
1 |
|
|a Nemec, Elo
|4 aut
|9 1139831
|
| 245 |
1 |
0 |
|a Neporušená tehotnosť vo vaječníku
|c Elo Nemec
|
| 773 |
0 |
|
|t Bratislavské lekárske listy
|g Roč. 21, č. 9-10 (1941), s. 354-361
|
| 954 |
|
|
|a odborná, vedecká literatúra pôvodná (slovenská)
|2 lita
|
| 958 |
|
|
|a OND
|
| 958 |
|
|
|a EUIPO
|
| 958 |
|
|
|a article3
|
| 999 |
|
|
|c 1927872
|d 1929802
|